| 000 | 00747nam a22002297a 4500 | ||
|---|---|---|---|
| 005 | 20160912155621.0 | ||
| 010 | _aENG-115999 | ||
| 020 |
_a9788120352452 _c375.00 |
||
| 035 | _aEN-99531 | ||
| 037 | _bDBAD/PUB | ||
| 082 | _a363.728 | ||
| 245 |
_aSolid and liquid waste management : _bwaste to wealth / _c by Vasudeven Rajaram...[et...al] |
||
| 260 |
_aDelhi _bPHI Learning _c2016 |
||
| 270 |
_a111,Patparganj Industrial Eatate _bDelhi _e110092 |
||
| 300 |
_a282p. : _bill _c23cm(pbk) _eCD-ROMs |
||
| 500 | _aIncludes bibliographical references and index | ||
| 700 | _aVasudevan Rajaram | ||
| 700 | _aSiddiqui,Faisal Zia | ||
| 700 | _aAgrawal,Sanjeev | ||
| 700 | _aMohammad Imean Khan | ||
| 942 |
_2ddc _cEN _h363.728 _mVAS |
||
| 999 |
_c103305 _d103305 |
||